000 00626nam a2200229Ia 4500
999 _c2732
_d2732
007 ta
008 230112t2021||||ne a ||gd|||||||1 ||eng||
020 _a9789083124346
_cRs. 1600.00
040 _aKO
_beng
041 0 _aeng
044 _ane
082 0 4 _223
_a623.8232
_bH397
100 1 _aHensen, Henk
245 1 0 _aTug use in port
_b: a practical guide /
_cHenk Hensen
250 _a4th ed.
260 _aNetherlands :
_bSTC publishing [Bhandarkar Publications],
_c2021
300 _axii, 322 p. :
_bcol. ill. ;
_c30 cm.
650 0 _aMarine towing
_xLaw and legislation
904 _aA_BOSE
942 _cBK